00951nam a2200181Ia 4500001001000000003001000010008004100020040002500061041001300086100001200099245004800111250001100159260004200170500020100212501011400413520020100527650004100728L703-2484IT-CnALBA170116s9999||||xx |||||||||||||| ||und|| aIT-CnALBAcIT-CnALBA aITALIANO aAA. VV. 0aMAESTRI (I) DEL COLORE. FASCICOLI 131-140.  a1a ed. aMILANObFABBRI FRATELLI EDITORIcn.d. aDIRETTORE RESPONSABILE FABBRI DINO. VITA E OPERE PITTORICHE DI CONSTABLE, DE ROBERTI, FERRARI, STROZZI, DE FERRARI, MIRO, KIRCHNER, TURNER, MORONI, DE LA TOUR. PUBBLICAZIONE DELL'OPERA 1963 1969.  aSocietà San Paolo EM - Piazza San Paolo, 14 - 12051 ALBA (CN) (non commercial uses only) ® Copyright 2017 aDIRETTORE RESPONSABILE FABBRI DINO. VITA E OPERE PITTORICHE DI CONSTABLE, DE ROBERTI, FERRARI, STROZZI, DE FERRARI, MIRO, KIRCHNER, TURNER, MORONI, DE LA TOUR. PUBBLICAZIONE DELL'OPERA 1963 1969.  aDIZIONARI ED ENCICLOPEDIE DELLE ARTI